| 000 | 00625nam a2200265Ia 4500 | ||
|---|---|---|---|
| 008 | 160319s9999 xx 000 0 und d | ||
| 020 | _a9831870794 | ||
| 050 | _a500 | ||
| 050 | _bN273m 2003 | ||
| 100 | _aNatarajan, Cindy. | ||
| 245 | _aMatter : | ||
| 245 | _bthe material world / | ||
| 245 | _cCindy Natarajan. | ||
| 260 | _aPenang : | ||
| 260 | _bRhythm Distributor Sdn.Bhd. | ||
| 260 | _c2003 | ||
| 300 | _a23 pages : | ||
| 300 | _bcolor illustrations : | ||
| 300 | _c26 cm. | ||
| 440 | _aJunior science explorer. | ||
| 650 | _aGas. | ||
| 650 | _aLiquid. | ||
| 650 | _aMatter. | ||
| 650 | _aSolid. | ||
| 999 |
_c291998 _d291998 |
||